Normal view
MARC view
- NetLibrary, Inc
Entry Corporate Name
001 - CONTROL NUMBER
- control field: 86189
003 - CONTROL NUMBER IDENTIFIER
- control field: NUST
005 - DATE AND TIME OF LATEST TRANSACTION
- control field: 20211209111426.0
008 - FIXED-LENGTH DATA ELEMENTS
- fixed length control field: 211209|| aca||aabn | a|a d
040 ## - CATALOGING SOURCE
- Original cataloging agency: NUST
- Transcribing agency: NUST
110 ## - HEADING--CORPORATE NAME
- Corporate name or jurisdiction name as entry element: NetLibrary, Inc
670 ## - SOURCE DATA FOUND
- Source citation: Work cat.: (NUST)32225: Ghiani, Gianpaolo. 86183, Introduction to Logistics Systems Planning and Control /, c2004.
